000 00781nam a2200241Ia 4500
008 220216s9999 xx 000 0 und d
100 _aLicy J
245 0 _aGenetic parameters and heterosis in rubber (Hevea brasiliensis) Muell.Arg.V. Hybrid vigour for yield and yield components among the RRII 400 series clones in small scale evaluation
260 _bIndian Journal of Natural Rubber Research
_c2003
300 _a75-80
650 _aClonal variation
650 _aClonal variation
650 _aHybrid clones
650 _aHybrid clones
650 _aStandard heterosis
650 _aStandard heterosis
700 _aMeenakumari T
700 _aMeenatoor J R
700 _aNazeer M A
700 _aPremakumari D
700 _aSaraswathyamma C K
942 _cAR
999 _c47268
_d47268